Videogames by Lesser-Known Characters - Statistics

General Stats
  • This quiz has been taken 296 times
  • The average score is 4 of 16
Answer Stats
Characters Videogame % Correct
Ludwig Bowser Super Mario Bros. 3
70%
Skull Kid The Legend of Zelda: Majora's Mask
52%
Dark Sun Gywndolin Dark Souls
46%
Quiet Metal Gear Solid V
45%
Corporal Dunn Call of Duty: Modern Warfare 2
38%
Cream the Rabbit Sonic the Hedgehog
36%
Emile-A239 Halo Reach
26%
Scouts-many-marshes The Elder Scrolls V: Skyrim
20%
Sunny Smiles Fallout: New Vegas
16%
"Little" Jacob Hughes Grand Theft Auto IV
16%
Clyde Pac-Man
16%
Excella Gionne Resident Evil 5
15%
Citra Talugmai Far Cry 3
13%
Colonel Miller Metro:2033
10%
Jonah Maiava Tomb Raider (2013)
8%
Ly the Fairy Rayman 2
7%
No matching quizzes found
Score Distribution
Percent of People with Each Score
Percentile by Number Answered
Your Score History
You have not taken this quiz